|
|
|
|
| LEADER |
00000nas a22000007a 4500 |
| 001 |
ssj0003999 |
| 003 |
WaSeSS |
| 005 |
20200512172242.0 |
| 006 |
m d |
| 007 |
cr n |
| 008 |
050614c19739999wiumr p s 0 a0eng |
| 010 |
|
|
|a 2011201455
|
| 022 |
|
|
|a 2163-0127
|y 0091-6358
|
| 028 |
0 |
2 |
|a RBZ0000068
|b RBdigital
|
| 035 |
|
|
|a (WaSeSS)ssj0003999
|
| 037 |
|
|
|b Kalmbach Publishing Co., 21027 Crossroads Circle, P.O. Box 1612, Waukesha, WI 53187
|
| 040 |
|
|
|a OCLCS
|b eng
|c OCLCS
|d OCLCQ
|d DLC
|d OCLCQ
|d OCLCF
|d OCLCO
|d VT2
|d OCLCQ
|d RECBK
|d WYU
|d WaSeSS
|
| 042 |
|
|
|a pcc
|a nsdp
|
| 050 |
|
4 |
|a QB1
|b .A7998
|
| 082 |
1 |
0 |
|a 520
|2 14
|
| 130 |
0 |
|
|a Astronomy (Milwaukee, Wis. : Online)
|
| 210 |
0 |
|
|a Astron.
|b (Milwaukee Wis., Online)
|
| 222 |
|
0 |
|a Astronomy
|b (Milwaukee, Wis. Online)
|
| 245 |
1 |
0 |
|a Astronomy
|h [electronic resource].
|
| 246 |
1 |
|
|a Astronomy magazine
|
| 260 |
|
|
|a Milwaukee, Wis. :
|b AstroMedia Corp.
|
| 310 |
|
|
|a Monthly
|
| 362 |
1 |
|
|a Print began with v. 1 (Aug. 1973).
|
| 500 |
|
|
|a Published: Waukesha, WI : Kalmbach Publishing Co., <1989->
|
| 506 |
|
|
|a License restrictions may limit access.
|
| 538 |
|
|
|a Mode of access: World Wide Web.
|
| 588 |
|
|
|a Description based on print version record.
|
| 588 |
|
|
|a Latest issue consulted: Sept. 2011 (Astronomy website, viewed on Aug. 18, 2011).
|
| 650 |
|
0 |
|a Astronomy
|v Periodicals.
|
| 650 |
|
7 |
|a Astronomy.
|2 fast
|0 (OCoLC)fst00819673
|
| 655 |
|
0 |
|a Electronic journals.
|
| 770 |
0 |
|
|t Astronomy educator
|
| 776 |
1 |
|
|t Astronomy
|x 0091-6358
|w (DLC) 73645009
|w (OCoLC)1787772
|
| 856 |
4 |
0 |
|z Full text available from Research Library: 01/01/1988 to present
|u https://search.proquest.com/publication/6214
|